Guess the Taylor Swift Song by the Lyrics #6 - Statistics

General Stats
  • This quiz has been taken 77 times
  • The average score is 136 of 260
Answer Stats
LYRICS % Correct
a
98%
a—
98%
I
98%
you
94%
the
90%
And
87%
and
87%
is
87%
to
87%
your
86%
Your
86%
do
84%
be
83%
we
81%
it
76%
don't
73%
are
71%
of
71%
you're
71%
know
68%
my
68%
too
68%
like
67%
If
65%
if
65%
I'll
65%
they
65%
All
63%
But
63%
it's
63%
That
63%
hear
59%
This
59%
As
57%
as
57%
say
57%
just
54%
mine
52%
can't
51%
I'd
49%
think
49%
will
49%
with
49%
get
46%
has
46%
should—
43%
should
43%
Out
41%
would
41%
night
40%
anything
38%
eye
38%
hands
37%
home
37%
lips
32%
long
30%
close
29%
alone
27%
away
27%
mind
27%
nothing
27%
own
27%
Put
27%
touch
27%
sound
25%
stay
25%
going
24%
voice
24%
treacherous
22%
Two
22%
follow
21%
Forever
21%
much
21%
reckless
21%
Asking
19%
hope
19%
I-I-I
19%
I-I-I—
19%
Til
19%
walk
19%
drive
17%
Getting
17%
name
17%
path
17%
quicksand
16%
safe
16%
through
16%
worth
16%
along
14%
choice
14%
dangerous
14%
focus
14%
gravity's
14%
slope
14%
smart
14%
bone
13%
decide
13%
flow
13%
headlights
13%
shine
13%
skin
13%
sleepless
13%
swept
13%
Trained
13%
echoed
11%
friction
11%
daydream
6%
No matching quizzes found
Score Distribution
Percent of People with Each Score
Percentile by Number Answered
Your Score History
You have not taken this quiz